| 000 | 00869cam a22002771 4500 | ||
|---|---|---|---|
| 999 |
_c21702 _d21702 |
||
| 001 | 8851909 | ||
| 003 | BDDh-ASL | ||
| 005 | 20231015030029.0 | ||
| 008 | 770726s1953 xx 000 0 eng | ||
| 010 | _a 53037556 | ||
| 035 | _a(OCoLC)3141462 | ||
| 040 |
_aDLC _cOC _dDLC _dBDDh-ASL |
||
| 042 | _apremarc | ||
| 050 | 0 | 0 |
_aGB294.K3 _bP5 |
| 082 |
_a954.6551 _bPII |
||
| 100 | 1 | _aPithawalla, Manekji Bejanji. | |
| 245 | 1 | 3 |
_aAn introduction to Kashmir : _bits geology and geography. |
| 250 | _a[1st ed.] | ||
| 260 |
_aMuzaffarabad : _bKashmir Publications, _c1953. |
||
| 300 |
_axii, 128 p. : _bplates, maps (part fold.) _c22 cm. |
||
| 504 | _aBibliography: p. [127]-128. | ||
| 650 | 0 |
_aPhysical geography _zKashmir. |
|
| 651 | 0 |
_aJammu and Kashmir (India) _xEconomic conditions. |
|
| 906 |
_a7 _bcbc _coclcrpl _du _encip _f19 _gy-gencatlg |
||
| 942 |
_2ddc _cBK |
||